• 首页
  • 本馆介绍
  • 公告通知
  • 最新文献
  • 馆藏检索
  • 电子资源
  • 读者导购
  • 参考咨询
  • 我的图书馆
  • 登录
  • 详细信息显示
  • 放入我的书架
  • 预约/预借图书
  • 作者相关作品
  • 分类相关作品
  • 丛书相关作品
  • 出版社相关作品

书目信息

  • 表格格式
  • 工作单格式
  • 卡片格式
题名:
高校体育保健课与体育教学
    
 
作者: 宋军 著
分册:  
出版信息: 成都   四川大学出版社  2018.08
页数: 216页
开本: 21cm
丛书名:
单 册:
中图分类: G804.3 , G807.4
科图分类:
主题词: 体育保健学--教学研究--高等学校 , 体育教学--教学研究--高等学校
电子资源:
ISBN: 978-7-5690-2221-6
000 01031nam0 2200253 450
001 0102100412
005 20210402100819.0
010    @a978-7-5690-2221-6@dCNY49.80
100    @a20210324e20212018em y0chiy50 ea
101 0  @achi
102    @aCN@b510000
105    @aa z 000yy
106    @ar
200 1  @a高校体育保健课与体育教学@Agao xiao ti yu bao jian ke yu ti yu jiao xue@f宋军著
210    @a成都@c四川大学出版社@d2018.08@h2021.01
215    @a216页@c图@d21cm
330    @a本书首先在论述大学生体育健康的一般理论的基础上,对大学生体育锻炼的营养保健研究、体育运动中常见的疾病与防治等问题进行了深入的研究;然后从保健学的角度,进一步阐述了体育保健一些理论与传统体育保健的方法;最后分析了目前大学体育保健科的不足之处以及应对策略。本书适合体育教育工作者及一般读者阅读与参考。
606 0  @a体育保健学@x教学研究@x高等学校
606 0  @a体育教学@x教学研究@x高等学校
690    @aG804.3@v5
690    @aG807.4@v5
701  0 @a宋军@Asong jun@4著@f(1986-)
801  0 @aCN@bBJSZM@c20210402
905    @b1274655-9@dG804.3@e848@f5
    
    高校体育保健课与体育教学/宋军著.-成都:四川大学出版社,2018.08(2021.01)
    216页:图;21cm
    
    
    ISBN 978-7-5690-2221-6:CNY49.80
    本书首先在论述大学生体育健康的一般理论的基础上,对大学生体育锻炼的营养保健研究、体育运动中常见的疾病与防治等问题进行了深入的研究;然后从保健学的角度,进一步阐述了体育保健一些理论与传统体育保健的方法;最后分析了目前大学体育保健科的不足之处以及应对策略。本书适合体育教育工作者及一般读者阅读与参考。
●
相关链接 在E读中查询图书 在五车中查询图书 在当当中查询图书 在豆瓣中查询图书


正题名:高校体育保健课与体育教学     索取号:G804.3/848         预约/预借

序号 登录号 条形码 馆藏地/架位号 状态 备注
1 1274655   212746554   第一样本阅览室/ [索取号:G804.3/848] 在馆    
2 1274656   212746563   教育系资料室/ [索取号:G804.3/848] 在馆    
3 1274657   212746572   教育系资料室/ [索取号:G804.3/848] 在馆    
4 1274658   212746581   第四借阅区/ [索取号:G804.3/848] 在馆    
5 1274659   212746590   第四借阅区/ [索取号:G804.3/848] 在馆    
唐山师范学院图书馆 欢迎您!
大连网信软件有限公司© 版权所有